| 000 | 00634nam a22002057a 4500 | ||
|---|---|---|---|
| 003 | koha_MIRAKIL | ||
| 005 | 20250410132433.0 | ||
| 008 | 250410b tur||||| |||| 00| 0 tur d | ||
| 020 | _a9786052079669 | ||
| 040 |
_aTR-IsEVY _btur _cTR-IsEVY |
||
| 082 | _aFIC TOM/K | ||
| 100 | _aTomlinson, Jill | ||
| 245 | 0 |
_aKarıncanın ne olduğunu bilmeyen karıncayiyen / _cJill Tomlinson ; resimleyen Paul Howard. |
|
| 250 | _a4. bs. | ||
| 260 |
_aİstanbul : _bRedhouse Kidz, _c2023. |
||
| 300 |
_a100 s. _bresimli ; _c19 cm. |
||
| 650 |
_aÇocuk Edebiyatı. _vÇocuk Romanı. |
||
| 700 | 1 |
_aHoward, Paul. _cresimleyen. |
|
| 942 |
_2ddc _cBK |
||
| 999 |
_c21659 _d21659 |
||